| 000 | 00921cam a22003017a 4500 | ||
|---|---|---|---|
| 003 | CHAP | ||
| 005 | 20220329142034.0 | ||
| 008 | 990407 199? mx a r 00010 spa d | ||
| 010 | _a77436 | ||
| 011 | _a78408 | ||
| 035 | _a88317 | ||
| 040 | _cCHAP | ||
| 090 | _aFolleto 15335 | ||
| 110 | 2 |
_aINIFAP. México _958722 |
|
| 245 | 1 | 0 |
_aHongos comestibles del estado de Hidalgo _c/por INIFAP |
| 260 |
_aPachuca, Hgo. : _bINIFAP., _c1998. |
||
| 300 |
_a53 p. : _bilus. |
||
| 590 |
_aBATCH-UPD _b10 _c20130110 _lUCH01 _h0539 |
||
| 590 |
_aCONVERSION _b10 _c20130109 _lUCH01 _h1343 |
||
| 650 | 1 | 4 |
_aHongos comestibles. _956124 |
| 650 | 1 | 4 |
_aHongos _zHidalgo. _956121 |
| 710 | 0 |
_aHidalgo. Gobierno del Estado. _955216 |
|
| 901 | _aBK | ||
| 905 | _aMayto Villalobos S. | ||
| 942 | _cFOLL | ||
| 949 |
_aFolleto 15335 _bBC _cFOLL _d883171 _eTS1 _i88317 _sb |
||
| 949 |
_aFolleto 15335 _bBC _cFOLL _d883172 _eTS1 _fc.2 _i88317 _kDonaciØn _sb |
||
| 999 |
_c77436 _d77436 |
||